Naual el Saadaui /
Guardado en:
| Hovedforfatter: | |
|---|---|
| Format: | Bog |
| Sprog: | Spanish |
| Fag: | |
| Tags: |
Tilføj Tag
Ingen Tags, Vær først til at tagge denne postø!
|
MARC
| LEADER | 00000nam a22000007a 4500 | ||
|---|---|---|---|
| 003 | cru CIDCACS/IIS | ||
| 005 | 20190917160230.0 | ||
| 008 | 190917b ||||| |||| 00| 0 spa d | ||
| 999 | |c 42354 |d 42354 | ||
| 040 | |c cru CIDCACS/IIS | ||
| 100 | 1 | |9 8528 |a Cabellos, Encarna | |
| 245 | 1 | |a Naual el Saadaui / |c Encarna Cabellos | |
| 300 | |a páginas 131-136 | ||
| 650 | 0 | |9 88 |a MUJERES | |
| 650 | 0 | |9 964 |a GENERO | |
| 650 | 0 | |9 3235 |a LITERATURA | |
| 650 | 0 | |9 83 |a DEMOCRACIA | |
| 650 | 0 | |9 4273 |a ORIENTE MEDIO | |
| 773 | 0 | |0 41952 |9 3373 |d Madrid: Solidaridad para el desarrollo y la paz, SODEPAZ-SODEPAU; Asociación Andaluza por la solidaridad y la paz 1990- |o 02734 |t Africa América Latina: |x 11302569 | |
| 942 | |2 ddc |c PP | ||
